| 000 | 01087nam0a22002411 4500 | ||
|---|---|---|---|
| 001 | rc\3489988 | ||
| 005 | 20260407230410.0 | ||
| 021 |
_aRU _bРг7707-70 |
||
| 035 | _a(NLR Aleph) 007606573 | ||
| 090 |
_a5771444 _c5771444 |
||
| 100 | _a20130115d1969 |||y0rusy50 ca | ||
| 101 | 0 | _arus | |
| 102 | _aRU | ||
| 105 | _ay b ||||| | ||
| 200 | 1 |
_aНовые виды защитных покрытий тепловой изоляции и крепления к ним _e[Каталог] _fВыставка достижений нар. хоз-ва СССР. Раздел "Строительство". Главтепломонтаж. Минмонтажспецстрой СССР |
|
| 210 |
_aМосква _cБ. и. _d1969 |
||
| 215 |
_a4 с. _d22 |
||
| 712 | 0 | 1 |
_aСССР _bГлавное управление по проектированию и производству теплотехнических и изоляционных работ _3RU\NLR\AUTH\8810155484 _9806339 |
| 801 | 0 |
_aRU _bNLR _gpsbo |
|
| 801 | 1 |
_aRU _bELAR _2rusmarc |
|
| 852 |
_aNLR _jПт 80.6/185 |
||
| 942 | _cBOOK | ||
| 980 | _aNB | ||